The Impact of Green Banking Activities on Banks’ Green Financing and Environmental Performance

Cieľom tejto štúdie je empiricky posúdiť vplyv aktivít zeleného bankovníctva na banky, ekologické financovanie a environmentálnu výkonnosť. Podobne sa snaží identifikovať sprostredkovateľský účinok zeleného financovania na vzťah medzi environmentálnou výkonnosťou bánk a aktivitami zeleného bankovníc...

ver descrição completa

Na minha lista:
Detalhes bibliográficos
Autor principal: Valencia, Daniel Cardona
Outros Autores: Tormo, Carola Calabuig
Formato: Capítulo de Livro
Idioma:inglês
Assuntos:
Tags: Adicionar Tag
Sem tags, seja o primeiro a adicionar uma tag!

MARC

LEADER 00000naa a2200000 4500
001 0297668
005 20250514124812.2
041 0 |a eng 
044 |a CZ 
245 1 0 |a The Impact of Green Banking Activities on Banks’ Green Financing and Environmental Performance  |c Daniel Cardona Valencia, Carola Calabuig Tormo 
520 |a Cieľom tejto štúdie je empiricky posúdiť vplyv aktivít zeleného bankovníctva na banky, ekologické financovanie a environmentálnu výkonnosť. Podobne sa snaží identifikovať sprostredkovateľský účinok zeleného financovania na vzťah medzi environmentálnou výkonnosťou bánk a aktivitami zeleného bankovníctva. Skúma tiež trendy a výzvy na túto tému. Modelovanie štrukturálnych rovníc bolo použité na vyhodnotenie vzťahu medzi premennými identifikovanými z primárnych údajov zozbieraných prostredníctvom štruktúrovaného dotazníka zadaného 321 kolumbijským bankárom, ktorí boli vybraní pomocou náhodného výberu vzoriek. Podľa výsledkov majú aktivity zeleného bankovníctva pozitívny vplyv na environmentálne správanie bánk. Zdroje zeleného financovania výrazne ovplyvňujú bankovú environmentálnu výkonnosť. Napriek tomu sa zelené bankovníctvo považuje za sľubnú stratégiu pre banky, pretože zvyšuje ich konkurencieschopnosť a reputáciu, pomáha im z dlhodobého hľadiska znižovať uhlíkovú stopu , náklady a umožňuje im sa zaradiť do indexov udržateľnosti. 
610 2 0 |a bankovníctvo 
610 2 0 |a udržateľnosť 
610 2 0 |a financovanie 
610 2 0 |a financovanie zelené 
610 2 0 |a výkonnosť 
610 2 0 |a Kolumbia 
100 1 |a Valencia, Daniel Cardona 
700 1 |a Tormo, Carola Calabuig